Normal view
MARC view
- Khar, Muṣt̤afá,
Entry Corporate Name
001 - CONTROL NUMBER
- control field: 11076
003 - CONTROL NUMBER IDENTIFIER
- control field: NUST
005 - DATE AND TIME OF LATEST TRANSACTION
- control field: 20180607043425.0
008 - FIXED-LENGTH DATA ELEMENTS
- fixed length control field: 180607|| aca||aabn | a|a d
040 ## - CATALOGING SOURCE
- Original cataloging agency: NUST
- Transcribing agency: NUST
110 ## - HEADING--CORPORATE NAME
- Corporate name or jurisdiction name as entry element: Khar, Muṣt̤afá,
- Date of meeting or treaty signing: 1937-
670 ## - SOURCE DATA FOUND
- Source citation: Work cat.: (NUST)174602: Durrani, Tehmina. 11075, My feudal lord /, 1991.
